00741nam a2200193Ia 4500003000900000008004100009020001800050040001600068080002300084245017000107260003700277300001700314490005100331650004200382650004000424650003500464700002400499700002400523IN-BaIIA211028s9999 xx 000 0 eng d a1-4020-1788-X cIIA Library a52(082.1)bASS-300 0aScientific detectors for astronomybthe beginning of a new eracedited by P. Amico, J. W. Beletic and J. E. Beletic  aDordrechtbKluwer Academicc2004 axxxiv, 625p. aAstrophysics and space science library; v. 300 aAstronomical instruments - congresses aCharge coupled devices - congresses aOptical detectors - congresses aBeletic, J. E., ed. aBeletic, J. W., ed.